| 000 | 00811cam a2200253 i 4500 | ||
|---|---|---|---|
| 005 | 20251218091048.0 | ||
| 008 | 250721r1997 ue gr 000 0 ara d | ||
| 020 | _a9772251078 | ||
| 082 | 1 | 4 |
_a218 _bق ر ض |
| 100 | 1 | _aقرضاوي، يوسف | |
| 245 | 1 | 2 |
_aإلاسلام و العلمانية وجهاً لوجه / _cمؤلف. |
| 250 | _aالطبعة السابعة. | ||
| 264 | 3 | 1 |
_aالقاهرة : _bمكتبة وهبة، _c1997. |
| 300 | _a215صفحة. | ||
| 650 | 1 | 7 | _aالإلحاد. |
| 650 | 1 | 7 | _aالإسلام. |
| 650 | 1 | 7 | _aالعلمانية. |
| 650 | 1 | 7 | _aالإصلاح الإجتماعي. |
| 650 | 1 | 7 | _aالعقيدةالدينية. |
| 650 | 1 | 7 | _aالإيمان. |
| 653 | _aرد الشبهات عن الإسلام | ||
| 942 |
_2ddc _cBK |
||
| 999 |
_c79400 _d79400 |
||